| 000 | 00734nam a2200181 a 4500 | ||
|---|---|---|---|
| 001 | 294 | ||
| 003 | CDMR | ||
| 005 | 20131118130133.0 | ||
| 008 | 130130s1977||||||||||||||||||||||||||||d | ||
| 040 |
_aCDMR _bcat _cCDMR |
||
| 110 | 2 |
_aAssociació de la Premsa de Barcelona _939 |
|
| 245 | 1 | 0 |
_aRelación de Socios hasta el 31 diciembre 1976 _cAsociación de la Prensa de Barcelona |
| 260 |
_aBarcelona _c[1977] _bAsociación de la Prensa de Barcelona |
||
| 500 | _aA la coberta: Periódicos diarios, agencias de información, emisoras de radio, T.V.E. y revistas de información general : periodistas adscritos | ||
| 650 | 0 | 4 |
_94304 _aPeriodistes _xDirectoris |
| 650 | 0 | 4 |
_93923 _aMitjans de comunicació de massa _vDirectoris |
| 942 |
_cFULLET _2udc |
||
| 999 |
_c294 _d294 |
||